Osobnosť manažéra a vedenie zamestnancov ku kultúre správania bakalárska práca

Salvato in:
Dettagli Bibliografici
Autore principale: Dzurčaninová, Jana
Ente Autore: Fakulta podnikového manažmentu EU. Katedra manažmentu
Altri autori: Mečiar, Tomáš
Natura: Libro
Lingua:slovacco
Pubblicazione: Bratislava 2010
Tags: Aggiungi Tag
Nessun Tag, puoi essere il primo ad aggiungerne!!

MARC

LEADER 00000nbm a2200000 4500
001 0133355
005 20161109111521.3
041 0 |a slo 
044 |a SK 
245 1 0 |a Osobnosť manažéra a vedenie zamestnancov ku kultúre správania  |b bakalárska práca  |c Jana Dzurčaninová ; školiteľ:Tomáš Mečiar 
264 1 |a Bratislava  |c 2010 
300 |a 52 s. 
100 1 |a Dzurčaninová, Jana 
700 1 |a Mečiar, Tomáš 
710 2 |a Fakulta podnikového manažmentu EU. Katedra manažmentu